00458pab a2200157 454500008004000000100001900040245006900059260000900128300001300137362001200150650004400162650003900206650002500245650001700270773001300287180718b2001 xxu||||| |||| 00| 0 eng d aDatta, Prabhat aPerspectives on urbanisation and urban governance in West Bengal c2001 ap.19-30. aOct-Dec aUrban development - India - West Bengal aUrbanization - India - West Bengal aUrbanization - India aUrbanization aNagarlok